| 000 | 00760nam a22002177a 4500 | ||
|---|---|---|---|
| 999 |
_c875 _d875 |
||
| 003 | AR-CdUCM | ||
| 008 | 190225b ||||| |||| 00| 0 esp d | ||
| 020 | _aISBN | ||
| 040 |
_aMUNICIPALIDAD PROVINCIAL DEL CUSCO _cBIBLIOTECA MUNICIPAL DEL CUSCO |
||
| 082 |
_a323.18 / _bF38 |
||
| 100 |
_aFerguson, J. Halcro. _93357 |
||
| 245 |
_aEl equilibrio racial en América Latina / _cJ. Halcro Ferguson ; [traducida por Horacio Martínez]. |
||
| 260 |
_aArgentina : _bEUDEBA, _c[1963] |
||
| 300 |
_a127 paginas ; _c18 cm. |
||
| 500 | _aCon capítulo referente a los negros. | ||
| 505 | _aLos primeros en llegar -- La colonizacion -- La conquista... | ||
| 650 |
_aNegros _93358 |
||
| 650 |
_aAmérica Latina. _91130 |
||
| 942 |
_2ddc _cLIBROS |
||
| 945 |
_aacrt _d2019-02-25 |
||